000 01196cam a22003131 4500
001 26123
003 BD-RjUL
005 20211209050956.0
008 140320s19351907xx 001 0 eng
035 _a(BD-RjUL)26193
035 _a(OCoLC)4819278
040 _aDLC
_cOCl
_dDLC
_beng
041 _aeng
082 _a954.7
_bDRB 1935
100 1 _aDrewitt, F. Dawtrey
_q(Frederic Dawtrey),
_d1848-
_980283
245 1 0 _aBombay in the days of George IV :
_bmemoirs of Sir Edward West, chief justice of the King's court during its conflict with the East India company, with hitherto unpublished documents /
_cF. Dawtrey Drewitt.
250 _a2d ed., rev. and enl.
260 _aLondon :
_aNew York :
_bLongmans, Green and co.,
_c1935
300 _axviii, 342 p. :
_bfront. (port.) 3 pl., 3 double facsim. ;
_c23 cm.
504 _aIncludes index
600 1 0 _aWest, Edward,
_cSir,
_d1782-1828.
_980292
610 2 0 _aEast India Company
_919103
650 0 _aJustice, Administration of
_zIndia.
_980285
651 0 _aIndia
_xHistory
_yBritish occupation, 1765-1947
_vBiography.
_980286
651 0 _aMumbai (India)
_951333
942 _2ddc
_cBK
999 _c26123
_d26123